Statistics for U.S. General Knowledge #46

Click here to take the quiz!

General Stats

  • This quiz has been taken 8,763 times
  • The average score is 12 of 20

Answer Stats

QuestionAnswer% Correct
What government organization operates facilities in Houston and Cape Canaveral?NASA
90%
Who is the tallest character on "Sesame Street"?Big Bird
89%
What fast-running bird is the state bird of New Mexico?Greater roadrunner
81%
Who was the top Union commander at the end of the U.S. Civil War?Ulysses S. Grant
80%
In what state would you find the Mall of America?Minnesota
75%
What line is said to represent the border between the Northern and Southern states?{Mason}-{Dixon} Line
73%
What was the last name of criminal brothers Frank and Jesse?James
72%
Where is a Murphy bed stored when not in use?Against a wall
70%
Who is Yogi Bear's sidekick?Boo Boo
59%
What is the largest city in the U.S. whose name is also the name of an animal?Buffalo
57%
Who is Linus Van Pelt's sister?Lucy
53%
What city was Lisa Simpson talking about when she said:
"It was built on a stagnant swamp some 200 years ago, and very little has changed.
It stank then, and it stinks now."?
Washington D.C.
53%
What brand of gum is named after a type of rocket launcher?Bazooka
52%
What author's less famous titles include "A Connecticut Yankee in King Arthur's Court",
"The Innocents Abroad", and "The Prince and the Pauper"?
Mark Twain
52%
What airline, once the largest in the world, went bankrupt in 1991?Pan American
51%
What American car company was purchased by Daimler-Benz in 1998, became
independent in 2007, and then merged with Fiat in 2014?
Chrysler
47%
What HBO show is about a theme park where robots run amok
and start killing the guests?
Westworld
45%
What is the least populous metro area in the U.S. that is home to a
major professional sports team?
Green Bay
43%
What is the name of Dilbert's dog?Dogbert
31%
What did Supreme Court justice Potter Stewart say he could not define,
but "I know it when I see it"?
Obscenity
29%

Score Distribution

Percentile by Number Answered

Percent of People with Each Score

Your Score History

You have not taken this quiz